[Event "Athens Erythraias op 1st"]
[Site "Athens"]
[Date "2014.12.16"]
[Round "7"]
[White "Batsoutas, Mihail"]
[Black "Skoufas, Georgios"]
[Result "1-0"]
[WhiteElo "1863"]
[BlackElo "1672"]
[PlyCount "99"]
[EventDate "2014.11.04"]
[EventType "swiss"]
[EventRounds "7"]
[EventCountry "GRE"]
[SourceTitle "EXT 2024"]
[Source "ChessBase"]
[SourceDate "2023.10.10"]
[SourceVersion "1"]
[SourceVersionDate "2023.10.10"]
[SourceQuality "1"]

1. Nf3 Nf6 2. c4 c5 3. g3 b6 4. Bg2 Bb7 5. 0-0 e6 6. Qc2 Be7 7. b3 0-0 8. Bb2 Nc6 9. a3 Qc7 10. Ng5 Nd4 11. Bxd4 cxd4 12. Bxb7 Qxb7 13. Nf3 Rfc8 14. Nxd4 d5 15. d3 b5 16. Nd2 dxc4 17. bxc4 Bc5 18. N4b3 bxc4 19. Nxc4 Qc7 20. Rfc1 h5 21. Ne3 Bb6 22. Qxc7 Rxc7 23. Rxc7 Bxc7 24. Rc1 Bd6 25. Nc4 Bf8 26. Nd4 Bc5 27. Nb5 Bf8 28. a4 a5 29. Ne5 Ne8 30. Rc6 Rd8 31. Ra6 Bb4 32. Nc6 Rc8 33. Nxa5 Nc7 34. Nxc7 Rxc7 35. Ra8+ Kh7 36. Nc4 g5 37. Rb8 Bc5 38. Rb5 h4 39. gxh4 gxh4 40. Kg2 f6 41. e3 Kh6 42. Kh3 e5 43. Kxh4 e4 44. dxe4 f5 45. Nd2 Be7+ 46. Kg3 Rd7 47. Rd5 Bd6+ 48. e5 Bxe5+ 49. Rxe5 Rxd2 50. Rxf5 1-0

[Event "Iraklio Epikoinonia U1800 1st"]
[Site "Iraklio"]
[Date "2011.11.09"]
[Round "1.1"]
[White "Skoufas, Georgios"]
[Black "Stavropoulos, Konstantinos"]
[Result "1/2-1/2"]
[WhiteElo "1782"]
[BlackElo "1380"]
[PlyCount "93"]
[EventDate "2011.11.09"]
[EventType "tourn"]
[EventRounds "7"]
[EventCountry "GRE"]
[SourceTitle "EXT 2024"]
[Source "ChessBase"]
[SourceDate "2023.10.10"]
[SourceVersion "1"]
[SourceVersionDate "2023.10.10"]
[SourceQuality "1"]

1. d4 d5 2. Nf3 Nc6 3. c4 e6 4. cxd5 exd5 5. Bg5 Be7 6. Bxe7 Qxe7 7. Nc3 Be6 8. e3 Nf6 9. Bd3 Qd7 10. 0-0 0-0 11. Bb5 Qd6 12. a3 a6 13. Bxc6 Qxc6 14. Ne5 Qd6 15. b4 b6 16. Na4 Nd7 17. Nxd7 Bxd7 18. Rc1 Ra7 19. Nb2 Rc8 20. Nd3 Bb5 21. Qg4 Qe6 22. Qxe6 fxe6 23. Rc3 Bxd3 24. Rxd3 c5 25. dxc5 bxc5 26. bxc5 Rxc5 27. Rb1 Rb7 28. Rbd1 Rb2 29. g3 Rcc2 30. Rf1 Kf7 31. Rd4 g5 32. e4 dxe4 33. Rxe4 Rc6 34. h4 h6 35. hxg5 hxg5 36. Rb4 Rxb4 37. axb4 Rb6 38. Ra1 Rxb4 39. Rxa6 Kf6 40. Kg2 Kf5 41. Ra8 g4 42. Rf8+ Ke5 43. Rf7 Kd5 44. Rf4 Rxf4 45. gxf4 Ke4 46. Kg3 Kf5 47. f3 1/2-1/2

[Event "Ambelokipi op 86th"]
[Site "Athens"]
[Date "2008.04.10"]
[Round "2"]
[White "Skoufas, Georgios"]
[Black "Diatsintos, Ilias"]
[Result "1/2-1/2"]
[WhiteElo "1245"]
[BlackElo "1779"]
[PlyCount "121"]
[EventDate "2008.04.07"]
[EventType "swiss"]
[EventRounds "7"]
[EventCountry "GRE"]
[SourceTitle "EXT 2010"]
[Source "ChessBase"]
[SourceDate "2010.11.25"]
[SourceVersion "1"]
[SourceVersionDate "2010.11.25"]
[SourceQuality "1"]

1. e4 d6 2. d4 Nf6 3. Nc3 g6 4. Nf3 c6 5. a4 Bg7 6. Be2 Nbd7 7. 0-0 0-0 8. h3 a5 9. Be3 b6 10. Qd2 Re8 11. e5 Nd5 12. Nxd5 cxd5 13. exd6 exd6 14. Bb5 Ba6 15. Bxa6 Rxa6 16. Qd3 Ra7 17. Qb5 Rc7 18. c3 Qa8 19. Bf4 Qc6 20. Qxc6 Rxc6 21. Rfe1 Re4 22. Bg3 Bh6 23. Nh2 f5 24. f3 Rxe1+ 25. Rxe1 Kf7 26. Kf1 Nf6 27. Ke2 Nh5 28. Nf1 f4 29. Bh2 Ng7 30. Kd3 Nf5 31. Re2 Rc8 32. g3 g5 33. gxf4 gxf4 34. Rg2 Re8 35. Rg4 Re1 36. Nd2 Re3+ 37. Kc2 Kf6 38. Bxf4 Bxf4 39. Rxf4 h5 40. h4 Re2 41. Kc1 Re1+ 42. Kc2 Ke6 43. Kd3 Re3+ 44. Kc2 Re2 45. Kd3 Rf2 46. b4 Rh2 47. bxa5 bxa5 48. c4 Nxh4 49. cxd5+ Kxd5 50. Nf1 Rh3 51. Ne3+ Kc6 52. d5+ Kb6 53. Nc4+ Kc5 54. Nxa5 Nxf3 55. Ke4 Nd2+ 56. Kf5 Kxd5 57. Nb7 Re3 58. Nxd6 Re5+ 59. Kg6 Kxd6 60. Rd4+ Ke6 61. Rxd2 1/2-1/2